000 00752cab a2200181 4500
001 L129450
008 050420n2005 000 0 eng u
035 _a(Sirsi) u129450
041 _aeng
100 _aLynch, Russ
245 _aConstruction e-auctions rare despite industry fears
260 _c2005
490 _aConstruction News
_v(6911) 7 April 2005, 3(1)
520 _aInformation from the Office of Government Commerce reveals that only a single e-auction has been carried out for construction goods since the policy was adopted in October 2002. The construction industry has lobbied hard against e-auctioning arguing it is not the best route to obtaining best value.
590 _aIKA290405
690 _aProcurement
_96260
942 _n0
999 _c75113
_d75113